000
00563nam a22001457a 4500
020
_a
9789327232806
082
_a
332.4608 PAU
100
_a
Paul R. R
245
_a
Monetary economics for B. Com
260
_a
Ludhiana
_b
Kalyani publishers
_c
2013
300
_a
285p
942
_c
BK
999
_c
3519
_d
3519